Normal view
MARC view
- جوهرى، طنطاوى
Entry Personal Name
001 - CONTROL NUMBER
- control field: 36023
003 - CONTROL NUMBER IDENTIFIER
- control field: JO-AjAnu
005 - DATE AND TIME OF LATEST TRANSACTION
- control field: 20230606080023.0
008 - FIXED-LENGTH DATA ELEMENTS
- fixed length control field: 230606|| aca||aabn | a|a d
040 ## - CATALOGING SOURCE
- Original cataloging agency: JO-AjAnu
- Transcribing agency: JO-AjAnu
100 ## - HEADING--PERSONAL NAME
- Personal name: جوهرى، طنطاوى
670 ## - SOURCE DATA FOUND
- Source citation: Work cat.: (JO-AjAnu)18497: جوهرى، طنطاوى, author, من بهجة العلوم في الفلسفة العربية وموازنتها يالعلوم العصرية